MULTIPLE CHOICE QUESTIONS IN PHYSICAL PHARMACEUTICS (Record no. 32943)

MARC details
000 -LEADER
fixed length control field 00355nam a22001457a 4500
003 - CONTROL NUMBER IDENTIFIER
control field SGT
020 ## - INTERNATIONAL STANDARD BOOK NUMBER
International Standard Book Number 939348009-5
082 ## - DEWEY DECIMAL CLASSIFICATION NUMBER
Classification number 615
Item number PAT
100 ## - MAIN ENTRY--PERSONAL NAME
Personal name PATIL, DR. GANESH B.
245 ## - TITLE STATEMENT
Title MULTIPLE CHOICE QUESTIONS IN PHYSICAL PHARMACEUTICS
260 ## - PUBLICATION, DISTRIBUTION, ETC. (IMPRINT)
Place of publication, distribution, etc INDIA
Name of publisher, distributor, etc BIRLA PUB.
Year of Publication 2024
300 ## - PAGE DESCRIPTION
No. of Pages 182
650 ## - SUBJECT ADDED ENTRY--TOPICAL TERM
Topical term or geographic name as entry element PHYSICAL PHARMACEUTICS
942 ## - ADDED ENTRY ELEMENTS (KOHA)
Source of classification or shelving scheme Dewey Decimal Classification
Koha item type Books
Holdings
Withdrawn status Lost status Source of classification or shelving scheme Damaged status Not for loan Collection code Home library Current library Shelving location Date acquired Vendor Name Cost, normal purchase price SGTU Bill Number Full call number Accession No. (Barcode) Date last seen Bill Date Koha item type Total Checkouts
    Dewey Decimal Classification   Not For Loan SCIENCE SGT Science & Social Sciences Library SGT Science & Social Sciences Library Reference Book 28/10/2025 ABC 220.00 SGTU 21721 615 PAT DP913 28/10/2025 17/09/2025 Books  
    Dewey Decimal Classification     SCIENCE SGT Science & Social Sciences Library SGT Science & Social Sciences Library Text Book 28/10/2025 ABC 220.00 SGTU 21721 615 PAT DP914 28/10/2025 17/09/2025 Books  
    Dewey Decimal Classification     SCIENCE SGT Science & Social Sciences Library SGT Science & Social Sciences Library Text Book 28/10/2025 ABC 220.00 SGTU 21721 615 PAT DP915 28/10/2025 17/09/2025 Books  
    Dewey Decimal Classification     SCIENCE SGT Science & Social Sciences Library SGT Science & Social Sciences Library Text Book 28/10/2025 ABC 220.00 SGTU 21721 615 PAT DP916 28/10/2025 17/09/2025 Books  
    Dewey Decimal Classification     SCIENCE SGT Science & Social Sciences Library SGT Science & Social Sciences Library Text Book 28/10/2025 ABC 220.00 SGTU 21721 615 PAT DP917 28/10/2025 17/09/2025 Books